Kau tetap di sisi (Record no. 121771)
[ view plain ]
| 000 -LEADER | |
|---|---|
| fixed length control field | 00698nam a2200253 i 4500 |
| 001 - CONTROL NUMBER | |
| control field | C2-0321265 |
| 003 - CONTROL NUMBER IDENTIFIER | |
| control field | PPAK |
| 005 - DATE AND TIME OF LATEST TRANSACTION | |
| control field | 20180728120502.0 |
| 008 - FIXED-LENGTH DATA ELEMENTS--GENERAL INFORMATION | |
| fixed length control field | 130204s2012 my |||| ||||| | may d |
| 020 ## - INTERNATIONAL STANDARD BOOK NUMBER | |
| International Standard Book Number | 9789670342207 |
| 040 ## - CATALOGING SOURCE | |
| Original cataloging agency | PPAK |
| Language of cataloging | eng |
| Transcribing agency | PPAK |
| Description conventions | rda |
| 082 04 - DEWEY DECIMAL CLASSIFICATION NUMBER | |
| Classification number | 899.233 |
| Edition number | 23 |
| 090 00 - LOCALLY ASSIGNED LC-TYPE CALL NUMBER (OCLC); LOCAL CALL NUMBER (RLIN) | |
| Classification number (OCLC) (R) ; Classification number, CALL (RLIN) (NR) | 899.233 |
| Feature heading | AIS |
| Feature heading | G |
| 100 0# - MAIN ENTRY--PERSONAL NAME | |
| Personal name | Aishah Abu Hassan, |
| Relator term | author |
| 245 10 - TITLE STATEMENT | |
| Title | Kau tetap di sisi |
| 264 #1 - PRODUCTION, PUBLICATION, DISTRIBUTION, MANUFACTURE, AND COPYRIGHT NOTICE | |
| Place of production, publication, distribution, manufacture | Shah Alam, Selangor : |
| Name of producer, publisher, distributor, manufacturer | Grup Buku Karangkraf Sdn. Bhd. , |
| Date of production, publication, distribution, manufacture, or copyright notice | 2012 |
| 300 ## - PHYSICAL DESCRIPTION | |
| Extent | 684 pages ; |
| Dimensions | 19 cm |
| 336 ## - CONTENT TYPE | |
| Source | rdacontent |
| Content type term | text |
| 337 ## - MEDIA TYPE | |
| Source | rdamedia |
| Media type term | unmediated |
| 338 ## - CARRIER TYPE | |
| Source | rdacarrier |
| Carrier type term | volume |
| 650 10 - SUBJECT ADDED ENTRY--TOPICAL TERM | |
| Topical term or geographic name entry element | Malay fiction. |
| 700 0# - ADDED ENTRY--PERSONAL NAME | |
| Personal name | Sofian Resali, |
| Relator term | editor |
| 942 ## - ADDED ENTRY ELEMENTS (KOHA) | |
| -- | dc |
| Koha item type | Book |
| Withdrawn | Not for loan | Current library | Shelving location | Date acquired | Total Checkouts | Total Renewals | Full call number | Barcode | Date last seen | Date last checked out | Koha item type |
|---|---|---|---|---|---|---|---|---|---|---|---|
| Perpustakaan Alor Setar | Pinjaman Dewasa | 17/02/2013 | 2 | 1 | 899.233 AIS | A01399792 | 26/08/2020 | 14/07/2020 | Book | ||
| Perpustakaan Alor Setar | Pinjaman Dewasa | 17/02/2013 | 2 | 1 | 899.233 AIS | A01399811 | 27/06/2024 | 28/05/2024 | Book | ||
| Perpustakaan Baling | Pinjaman Dewasa | 17/02/2013 | 2 | 2 | 899.233 AIS | A01399818 | 07/11/2020 | 26/09/2020 | Book | ||
| Perpustakaan Bandar Baharu | Pinjaman Dewasa | 17/02/2013 | 899.233 AIS | A01399819 | 09/05/2018 | Book | |||||
| Perpustakaan Jitra | Pinjaman Dewasa | 17/02/2013 | 1 | 1 | 899.233 AIS | A01399813 | 08/12/2024 | 06/11/2024 | Book | ||
| Perpustakaan Kuala Nerang | Pinjaman Dewasa | 17/02/2013 | 899.233 AIS | A01399820 | 09/05/2018 | Book | |||||
| Perpustakaan Kulim | Pinjaman Dewasa | 17/02/2013 | 4 | 899.233 AIS | A01399815 | 03/05/2023 | 29/04/2023 | Book | |||
| Perpustakaan Langkawi | Pinjaman Dewasa | 17/02/2013 | 2 | 899.233 AIS | A01399814 | 10/09/2019 | 05/09/2019 | Book | |||
| Perpustakaan Merbok | Pinjaman Dewasa | 17/02/2013 | 1 | 1 | 899.233 AIS | A01399822 | 25/05/2019 | 20/04/2019 | Book | ||
| Perpustakaan Pendang | Pinjaman Dewasa | 17/02/2013 | 899.233 AIS | A01399823 | 09/05/2018 | Book | |||||
| Perpustakaan Sik | Pinjaman Dewasa | 17/02/2013 | 899.233 AIS | A01399817 | 09/05/2018 | Book | |||||
| Perpustakaan Yan | Pinjaman Dewasa | 17/02/2013 | 899.233 AIS | A01399816 | 09/05/2018 | Book | |||||
| PD25, KEDA Batu 13, Pokok Sena | Pinjaman Dewasa | 17/02/2013 | 899.233 AIS | A01399821 | 09/05/2018 | Book |